02158nab a22002657a 4500003000400000005001700004008004100021040000700062100002800069245012900097260007300226300001300299500004400312505109700356505009001453650002001543650002401563650002501587650003001612650001801642650002501660650004301685650001901728773014501747OSt20250217091852.0190604e xxu||||| |||| 00| 0 spa d cPJ aMoltrassio, Sebastián10aLey bases y regularización de empleo sin registrar : baplicación temporal y reglamentación /cSebastián Moltrassio. aCiudad Autónoma de Buenos Aires :bThomson Reuters La Ley, c2024. ap. 26-38 aCita Online: TR LALEY AR/DOC/1951/2024. aSumario: I. Introducción. El gobierno actual va en sentido contrario al mundo.— II. Análisis del contexto laboral argentino.— III. Texto de la ley 27.742. Capítulo laboral. Principales modificaciones.— IV. Opiniones y críticas a la ley en el capítulo laboral.— V. Breve historia constitucional. El Constitucionalismo social.— VI. Normas constitucionales, de derechos humanos de rango constitucional nacional y provincial y normas de OIT. Colisión con la reforma laboral.— VII. La progresividad de las leyes en la Constitución Nacional.— VIII. El principio de progresividad en los tratados internacionales de Derechos Humanos con rango constitucional.— IX. Convenios de OIT.— X. El principio de progresividad según la Corte Suprema de Justicia.— XI. Violación al principio de progresividad de las leyes.— XII. Análisis de los artículos con la LCT, DNU 70/2023 y ley 27.742.— XIII. Fondo de cese laboral.— XIV. La incorporación del Trabajador Independiente.— XV. La eliminación de las multas por empleo sin registrar.— XVI. Conclusiones.  t¿Te interesa el texto completo? Solicitalo al correo: koha@justierradelfuego.gov.ar  0aDERECHO LABORAL 0aCONTRATO DE TRABAJO 0aRELACIONES LABORALES 0aRELACIÓN DE DEPENDENCIA 0aINDEMNIZACION 0aEMPLEO NO REGISTRADO 0aORGANIZACION INTERNACIONAL DEL TRABAJO 0aDISCRIMINACION0 02714dCiudad Autónoma de Buenos Aires : Thomson Reuters La Ley, 2014-tRevista anales de legislación argentina. Nº 12 - Diciembre 2024.